Music Quiz

Random Music or Lyrics Quiz

Greatest Songs by Lyric III Quiz Stats

 Plays Quiz Updated Jul 24, 2016

Challenge
Share
Tweet
Embed
Score 0/25 Timer 06:00
1 Play Today
% Correct
Billie Jean (Michael Jackson)
89.4%
Jailhouse Rock (Elvis Presley)
87.2%
California Girls (The Beach Boys)
78.4%
She Loves You (The Beatles)
78.1%
When Doves Cry (Prince)
69.4%
For What It's Worth (Buffalo Springfield)
65.1%
Redemption Song (Bob Marley)
59.1%
Let's Stay Together (Al Green)
56.8%
The Times They Are a-Changin' (Bob Dylan)
55.6%
Whole Lotta Love (Led Zeppelin)
54.4%
A Whiter Shade Of Pale (Procol Harum)
54.4%
Papa's Got A Brand New Bag (James Brown)
53.8%
Louie Louie (The Kingsmen)
46.4%
% Correct
When A Man Loves A Woman (Percy Sledge)
44.4%
Superstition (Stevie Wonder)
44%
Sunshine Of Your Love (Cream)
43.5%
The Message (Grandmaster Flash)
40.9%
Summertime Blues (Eddie Cochran)
40.7%
Whole Lotta Shakin' Goin' On (Jerry Lee Lewis)
36.5%
Anarchy In the UK (Sex Pistols)
36.5%
Tangled Up In Blue (Bob Dylan)
34.8%
Crying (Roy Orbison)
33.3%
Long Tall Sally (Little Richard)
32.7%
Walk On By (Dionne Warwick)
28.8%
Bo Diddley (Bo Diddley)
24.9%

You're not logged in!

Compare scores with friends on all Sporcle quizzes.
OR
Log In

You Might Also Like...

Show Comments

Extras

Top Quizzes Today


Score Distribution

Your Account Isn't Verified!

In order to create a playlist on Sporcle, you need to verify the email address you used during registration. Go to your Sporcle Settings to finish the process.

Report this User

Report this user for behavior that violates our Community Guidelines.

Details: